| 000 | 00980nam a22003017a 4500 | ||
|---|---|---|---|
| 003 | CHAP | ||
| 005 | 20241119085450.0 | ||
| 008 | 971013s1987 r 00010 d | ||
| 010 | _a4214 | ||
| 011 | _a5186 | ||
| 035 | _a4392 | ||
| 040 | _cCHAP | ||
| 082 |
_a633 _bM66 |
||
| 100 | 1 | 0 |
_aMorales Valderrama, Joaquín Gerardo _978436 |
| 245 | _aEvolución de la producción agrícola en el Centro de México, 1947-1980 | ||
| 260 |
_aChapingo, Méx. : _bUACH. Subdirección de Investigación, _c1987 |
||
| 300 |
_a175 h _b; gráfs. |
||
| 500 | _aD53-49 | ||
| 590 |
_aBATCH-UPD _b10 _c20130110 _lUCH01 _h1827 |
||
| 590 |
_aBATCH-UPD _b10 _c20130410 _lUCH01 _h1200 |
||
| 590 |
_aBATCH-UPD _b10 _c20130914 _lUCH01 _h1116 |
||
| 590 |
_aCONVERSION _b10 _c20130109 _lUCH01 _h1303 |
||
| 650 | 1 | 4 |
_aAgricultura _xAspectos economicos _zMexico. _91312 |
| 650 | 1 | 4 |
_aCultivos _xRendimiento. _930318 |
| 901 | _aBK | ||
| 942 | _cLIBRO | ||
| 949 |
_a633 M66 _bBC _cLIBRO _d-13932 _eLIBRO _h81311 _i4392 _mD _si |
||
| 999 |
_c4214 _d4214 |
||